000 00307nam a2200121Ia 4500
005 20251222140044.0
008 251222s1900||||xx |||||||||||||| ||spa||
082 _a100/N53
100 _aNicoli Attimis, Francisco
245 0 _aFilosofĂ­a
264 _bEscuela de Periodismo Jaime Bausate y Mesa
942 _cLIB
999 _c3372
_d3372